000 00409nam a2200157Ia 4500
008 220803s9999 xx 000 0 und d
020 _a9789350532560
041 _aeng
082 _a720.92 SIN
100 _aSingh S
_925599
245 _aIslamic Architecture : A Critical Study
260 _aNew Delhi
_bTech Publications
_c2014
300 _a216p
500 _aARCHI
650 _aMughal Architecture
_925600
999 _c16374
_d16374